Journal of education for sustainable development (Record no. 21328)
[ view plain ]
| 000 -LEADER | |
|---|---|
| fixed length control field | 00828nam a22002177a 4500 |
| 008 - FIXED-LENGTH DATA ELEMENTS--GENERAL INFORMATION | |
| fixed length control field | 090119c xxu||||| |||| 00| 0 eng d |
| 022 ## - INTERNATIONAL STANDARD SERIAL NUMBER | |
| International Standard Serial Number | 0973-4082 |
| 022 ## - INTERNATIONAL STANDARD SERIAL NUMBER | |
| International Standard Serial Number | 0973-4074 |
| 040 ## - CATALOGING SOURCE | |
| Original cataloging agency | dpl |
| 082 ## - DEWEY DECIMAL CLASSIFICATION NUMBER | |
| Classification number | 363.70071 |
| 245 ## - TITLE STATEMENT | |
| Title | Journal of education for sustainable development |
| 260 ## - PUBLICATION, DISTRIBUTION, ETC. (IMPRINT) | |
| Place of publication, distribution, etc | New Delhi |
| Name of publisher, distributor, etc | Sage |
| Date of publication, distribution, etc | 2007- |
| 260 ## - PUBLICATION, DISTRIBUTION, ETC. (IMPRINT) | |
| Place of publication, distribution, etc | New Delhi |
| Name of publisher, distributor, etc | Centre for Environment Education |
| Date of publication, distribution, etc | 2007- |
| 300 ## - PHYSICAL DESCRIPTION | |
| Extent | v. |
| Dimensions | 24 cm |
| 310 ## - CURRENT PUBLICATION FREQUENCY | |
| Current publication frequency | Half-yearly |
| 500 ## - GENERAL NOTE | |
| General note | includes bibliographical references |
| 650 ## - SUBJECT ADDED ENTRY--TOPICAL TERM | |
| Topical term or geographic name as entry element | Sustainable development |
| 270 ## - ADDRESS | |
| Address | B1/I-1, Mohan Industrial Area, Mathura Road |
| City | New Delhi |
| Postal code | 110044 |
| Public note | www.jsd.sagepub.com |
| 942 ## - ADDED ENTRY ELEMENTS (KOHA) | |
| Source of classification or shelving scheme | Dewey Decimal Classification |
| Item type | Periodicals |
| Classification part | 363.70071 |
| Call number suffix | JOU |
| Serial record | 1 |
| Withdrawn status | Lost status | Source of classification or shelving scheme | Damaged status | Not for loan | Collection code | Home library | Current library | Date acquired | Total Checkouts | Full call number | Date last seen | Price effective from | Koha item type |
|---|---|---|---|---|---|---|---|---|---|---|---|---|---|
| Dewey Decimal Classification | Not For Loan | Non-fiction | D.B.Act.Division | D.B.Act.Division | 19/01/2009 | 363.70071 JOU | 19/01/2009 | 19/01/2009 | Periodicals |
